MARC

LEADER 00000nam0a2200000 4500
001 254301
005 20231101232925.0
010 |a 5020288519 
035 |a (RuTPU)RU\TPU\book\276742 
090 |a 254301 
100 |a 20140319d1989 k y0rusy50 ca 
101 0 |a rus 
102 |a RU 
105 |a a z 001zy 
200 1 |a Физико-геологическое моделирование верхней части разреза в условиях многолетней мерзлоты  |f Г. С. Вахромеев [и др.]  |g Академия наук СССР (АН СССР), Сибирское отделение (СО), Институт земной коры (ИЗК) ; отв. ред. В. Н. Табулевич 
210 |a Новосибирск  |c Наука  |d 1989 
215 |a 129 с.  |c ил. 
320 |a Библиогр.: с. 124-128. 
606 1 |a Грунты мерзлые, многолетние  |2 stltpush  |3 (RuTPU)RU\TPU\subj\8837  |9 36174 
610 1 |a многолетняя мерзлота 
610 1 |a разрезы 
610 1 |a физико-геологическое моделирование 
610 1 |a физико-геологическое моделирование 
610 1 |a петрографические характеристики 
675 |a 551.345  |v 3 
701 1 |a Вахромеев  |b Г. С.  |g Гелий Сергеевич 
701 1 |a Павлов  |b О. В.  |g Олег Викторович 
701 1 |a Джурик  |b В. И.  |g Василий Ионович 
701 1 |a Дмитриев  |b А. Г.  |g Александр Георгиевич 
702 1 |a Табулевич  |b В. Н.  |4 340 
712 0 2 |a Академия наук СССР (АН СССР)  |b Сибирское отделение (СО)  |b Институт земной коры (ИЗК)  |c (Иркутск)  |c (1957-1962)  |2 stltpush  |3 (RuTPU)RU\TPU\col\11543 
801 1 |a RU  |b 63413507  |c 20140319 
801 2 |a RU  |b 63413507  |c 20140407  |g RCR 
942 |c BK